Eve out of her ruins / (Record no. 151766)

MARC details
000 -LEADER
fixed length control field 00574nam a22001937a 4500
005 - DATE AND TIME OF LATEST TRANSACTION
control field 20180426122646.0
010 ## - LCCN (DPL NO)
LC control number ENG-122676
020 ## - INTERNATIONAL STANDARD BOOK NUMBER
International Standard Book Number 9789386338709
Terms of availability 299.00
035 ## - SYSTEM CONTROL NUMBER
System control number EN-106208
037 ## - SOURCE OF ACQUISITION
Source of stock number/acquisition DBAD/PUB
082 ## - DEWEY DECIMAL CLASSIFICATION NUMBER
Classification number N
100 ## - MAIN ENTRY--PERSONAL NAME
Personal name Ananda Devi
245 ## - TITLE STATEMENT
Title Eve out of her ruins /
Statement of responsibility, etc by Ananda Devi [and] translated by Jeffrey Zuckerman
260 ## - PUBLICATION, DISTRIBUTION, ETC. (IMPRINT)
Place of publication, distribution, etc New Delhi
Name of publisher, distributor, etc Speaking Tiger Publications
Date of publication, distribution, etc 2017
270 ## - ADDRESS
Address 4381/4, Ansari Road, Daryaganj,
City New Delhi
Postal code 110002
300 ## - PHYSICAL DESCRIPTION
Extent 174p.
Dimensions 21cm(pbk)
700 ## - ADDED ENTRY--PERSONAL NAME
Personal name Zuckerman, Jeffrey
942 ## - ADDED ENTRY ELEMENTS (KOHA)
Source of classification or shelving scheme Dewey Decimal Classification
Item type English Books
Call number suffix ANA
Classification part N
Holdings
Withdrawn status Lost status Not for loan Collection code Home library Current library Date acquired Source of acquisition Cost, normal purchase price Full call number Barcode Copy number Cost, replacement price Koha item type
      Fiction Shahdara Branch Shahdara Branch 26/04/2018 DBAD/PUB 299.00 N ANA EN-106208 1 299.00 English Books

© Delhi Public Library
Hit Counter
free hit counter